Normal view
MARC view
- CONSTRUCCION DE BOTES
Entry Materia
001 - NÚMERO DE CONTROL DEL REGISTRO
- campo de control: 9308
003 - IDENTIFICADOR DE NUMERO DE CONTROL
- campo de control: UPN
005 - FECHA Y HORA DE LA ÚLTIMA TRANSACCIÓN
- campo de control: 20210219193734.0
008 - DATOS DE LONGITUD FIJA
- campo de control de longitud fija: nabaccnnaabn|||||||||| b |nc|||||d
035 ## - NÚMERO DE CONTROL DEL SISTEMA
- Número de control del sistema: UPN10000009314
040 ## - FUENTE DE LA CATALOGACIÓN
- Lengua de catalogación: SPA
- Agencia de transcripción: UPN
150 ## - ENCABEZAMIENTO - TEMÁTICO
- Término de materia o nombre geográfico como elemento inicial: CONSTRUCCION DE BOTES
450 ## - VÉASE - MATERIA
- Encabezamiento temático: Botes, Construcción de
450 ## - VÉASE - MATERIA
- Encabezamiento temático: Botes -
- Subdivisión temática general: Construcción
670 ## - FUENTE EN LA QUE SE LOCALIZARON DATOS
- Cita de la fuente: E
902 ## - CATALOGADOR
- Catalogador: MMA/080405
